| 000 | 01130nam a22003617a 4500 | ||
|---|---|---|---|
| 001 | 206 | ||
| 003 | FISKH | ||
| 005 | 20240201090001.0 | ||
| 008 | 230306b cb ||||| |||| 00| 0 eng d | ||
| 010 | _a 2013497014 | ||
| 040 |
_aDLC _beng _erda _cDLC _dFISKH |
||
| 042 | _alcac | ||
| 050 | 0 | 0 |
_aPZ7.C8682 _bFr 2010 |
| 100 | 1 |
_aCrews, Donald, _eauthor. |
|
| 245 | 1 | 0 |
_aFreight train / _cDonald Crews. |
| 264 | 1 |
_aNew York, NY : _bScholastic _c2010. |
|
| 300 |
_a12 leaves of plates _bcolor illustrations ; _c21 x 26 cm |
||
| 336 |
_atext _btxt _2rdacontent |
||
| 336 |
_astill image _2rdacontent |
||
| 337 |
_aunmediated _bn _2rdamedia |
||
| 338 |
_avolume _bnc _2rdacarrier |
||
| 505 | _aA | ||
| 520 | _aBrief text and illustrations trace the journey of a colorful train as it goes through tunnels, by cities, and over trestles. | ||
| 521 | 8 |
_a10
_bLexile |
|
| 521 | 8 |
_aA
_bRaz-Plus |
|
| 521 | 8 | _aNP | |
| 586 | _aCaldecott Honor Book, 1979. | ||
| 650 | 1 |
_aRailroad trains _vPictorial works. |
|
| 650 | 1 | _aColor. | |
| 650 | 1 | _aPicture books. | |
| 906 |
_a7 _bcbc _corigcop _d4 _encip _f20 _gy-gencatlg |
||
| 942 |
_2ddc _cBK _n0 |
||
| 999 |
_c206 _d206 |
||